000 00346nam a2200145 a 4500
005 20140412111424.0
008 080205s19uu xx 00 eng d
020 _a81-7862-223-8
050 _aTR(PS E
_bCo83 2004
245 _aCourtesy.
260 _aUK :
_bNew Dawn Press,
_c2004.
300 _a30p.
440 _aKnow about
999 _c106159
_d106159